书目信息 |
| 题名: |
度假饭店的开发与管理
|
|
| 作者: | Gee 著 ;向萍 译 | |
| 分册: | ||
| 出版信息: | 北京 中国旅游出版社 2003 |
|
| 页数: | 594页 | |
| 开本: | 23cm | |
| 丛书名: | ||
| 单 册: | ||
| 中图分类: | F719.2 | |
| 科图分类: | ||
| 主题词: | 商业经济--国内 | |
| 电子资源: | ||
| ISBN: | 7-5032-1368-X | |
| 000 | 00635nam0 2200217 450 | |
| 001 | 0656438281 | |
| 005 | 20060314154815.25 | |
| 010 | @a7-5032-1368-X@dCNY68.00 | |
| 100 | @a20060314d2003 km y0chiy0120 ea | |
| 101 | 0 | @achi@ceng |
| 102 | @aCN@b110000 | |
| 200 | 1 | @a度假饭店的开发与管理@Adu jia fan dian de kai fa yu guan li@f(美)Chuck Y·Gee著@F(mei)Chuck Y·Gee zhu@g向萍译 |
| 210 | @a北京@c中国旅游出版社@d2003 | |
| 215 | @a594页@d23cm | |
| 305 | @a原书第二版 | |
| 606 | 0 | @a商业经济@x国内 |
| 690 | @aF719.2@v4 | |
| 701 | 0 | @aGee@4著 |
| 702 | 0 | @a向萍@Axiang ping@4译 |
| 801 | 0 | @aCN@bPFT@c20060314 |
| 905 | @a10447@dF719.2@e118 | |
| 度假饭店的开发与管理/(美)Chuck Y·Gee著/向萍译.-北京:中国旅游出版社,2003 |
| 594页;23cm |
| ISBN 7-5032-1368-X:CNY68.00 |
| ● |
| 相关链接 |
|
|
|
|
正题名:度假饭店的开发与管理
索取号:F719.2/118
 
预约/预借
| 序号 | 登录号 | 条形码 | 馆藏地/架位号 | 状态 | 备注 |
| 1 | 0349309 | 203493095 | 第一样本阅览室/ [索取号:F719.2/118] | 在馆 | |
| 2 | 0349310 | 203493102 | 第一借阅区/ [索取号:F719.2/118] | 在馆 | |
| 3 | 0349311 | 203493111 | 第一借阅区/ [索取号:F719.2/118] | 在馆 | |
| 4 | 0349312 | 203493120 | 第一借阅区/ [索取号:F719.2/118] | 在馆 |